Vĩ tuyến 17 ngày đêm
Cuộc sống ngày và đêm ở vĩ tuyến 17 đầy bi tráng và hào hùng.Hai nghệ sĩ nổi tiếng của điện ảnh Việt Nam - Trà Giang và Lâm Tới – đã có những vai diễn xuất sắc trong tác phẩm điện ảnh Việt Nam có quy mô lớn nhất cho tới khi đó. Với vai...
Shranjeno v:
| Format: | Knjiga |
|---|---|
| Jezik: | Undetermined |
| Izdano: |
Thành phố Hồ Chí Minh
Phương Nam phim
2010
|
| Teme: | |
| Oznake: |
Označite
Brez oznak, prvi označite!
|
| Thư viện lưu trữ: | Trung tâm Học liệu Trường Đại học Cần Thơ |
|---|
| LEADER | 01214nam a2200205Ia 4500 | ||
|---|---|---|---|
| 001 | CTU_215208 | ||
| 008 | 210402s9999 xx 000 0 und d | ||
| 020 | |c 27500 | ||
| 082 | |a 791.43 | ||
| 082 | |b V300/T.2 | ||
| 245 | 0 | |a Vĩ tuyến 17 ngày đêm | |
| 245 | 0 | |c Hải Ninh (Đạo diễn) ; Trà Giang, Lâm Tới, Đoàn Dũng (Diễn viên) | |
| 260 | |a Thành phố Hồ Chí Minh | ||
| 260 | |b Phương Nam phim | ||
| 260 | |c 2010 | ||
| 520 | |a Cuộc sống ngày và đêm ở vĩ tuyến 17 đầy bi tráng và hào hùng.Hai nghệ sĩ nổi tiếng của điện ảnh Việt Nam - Trà Giang và Lâm Tới – đã có những vai diễn xuất sắc trong tác phẩm điện ảnh Việt Nam có quy mô lớn nhất cho tới khi đó. Với vai Dịu, Trà Giang đã nhận được giải thưởng Nữ diễn viên chính xuất sắc nhất tại LHP Quốc tế Moskva năm 1973. | ||
| 650 | |a Vietnam,Việt Nam,Motion pictures,Phim điện ảnh | ||
| 650 | |x History,Lịch sử | ||
| 904 | |i Tuyến | ||
| 980 | |a Trung tâm Học liệu Trường Đại học Cần Thơ | ||